|
|
|
|
| LEADER |
00000nab a2200000 ar4500 |
| 001 |
vtls008952033 |
| 003 |
SK-MaSNL |
| 005 |
20260319071353.0 |
| 008 |
070206c20070206xo |||||||| 000 b|hun |
| 015 |
|
|
|a SNBRB2007/02
|2 snkbucl
|
| 038 |
|
|
|a SNKBUCL
|
| 040 |
|
|
|a DSZK
|b slo
|c DSZK
|e AACR2
|
| 041 |
0 |
|
|a hun
|
| 044 |
|
|
|a xo
|c SK
|
| 080 |
|
|
|a 791.44.071.2
|2 1997
|
| 100 |
1 |
|
|a Tallósi, Béla,
|d 1958-
|4 aut
|
| 245 |
1 |
0 |
|a A lázadó személyes filmes
|b hetvenöt éve született Francois Truffaut
|c Tallósi Béla
|
| 300 |
|
|
|b Fotogr.
|
| 600 |
1 |
7 |
|a Truffaut, Francois
|d 1932-1984
|2 snkbucl
|9 1069479
|
| 773 |
0 |
|
|t Új szó
|g Évf. 60, sz. 30 (6.2.2007), o. 10
|
| 852 |
|
|
|a SNK
|b KIS3GCP
|
| 852 |
|
|
|a DSZK
|b KIS3GCP
|
| 958 |
|
|
|a HU
|
| 958 |
|
|
|a FR
|
| 999 |
|
|
|c 1758600
|d 1760530
|